[Event "vk18"]
[Site "Vinkovci"]
[Date "2018.07.24"]
[Round "2.5"]
[White "Damjanovic, Stjepan"]
[Black "Novosel, Marko"]
[Result "0-1"]
[WhiteElo "1716"]
[BlackElo "2033"]
[PlyCount "117"]
[EventDate "2018.07.23"]

1. e4 c5 2. Nc3 d6 3. f4 g6 4. Nf3 Bg7 5. Bb5+ Bd7 6. Bxd7+ Qxd7 7. O-O Nc6 8.
d3 e6 9. Be3 Nd4 10. Qd2 Ne7 11. Qf2 Nec6 12. Bxd4 Nxd4 13. e5 Nxf3+ 14. Qxf3
dxe5 15. fxe5 Bxe5 16. Ne4 f5 17. Nf2 Bd4 18. Rae1 O-O 19. Kh1 Bxf2 20. Rxf2
Rfe8 21. Rfe2 Rac8 22. Qe3 b5 23. Qe5 Kf7 24. Re3 Qd5 25. a3 a5 26. Rh3 h5 27.
Qf4 Qd4 28. Qe5 Qf2 29. Qe2 Qxe2 30. Rxe2 e5 31. Rhe3 Kf6 32. g3 c4 33. d4 e4
34. c3 Rb8 35. Kg2 b4 36. axb4 axb4 37. h4 Ke6 38. Re1 Ra8 39. R3e2 Ra2 40. Kf2
Rb8 41. Ke3 Kf6 42. Kf4 Rg8 43. Ke3 g5 44. hxg5+ Rxg5 45. Kf2 h4 46. gxh4 Rg4
47. Rh1 Rf4+ 48. Kg2 bxc3 49. h5 cxb2 50. Rb1 c3 51. Kg3 Rg4+ 52. Kf2 Ra1 53.
Rbxb2 cxb2 54. Rxb2 Kg5 55. d5 Rd1 56. h6 Kxh6 57. Rb6+ Rg6 58. Rb5 Rd6 59. Rb3
0-1

[Event "vk18"]
[Site "Vinkovci"]
[Date "2018.07.24"]
[Round "2.6"]
[White "Duda, Daniel"]
[Black "Borzan, Andrej"]
[Result "1/2-1/2"]
[WhiteElo "2019"]
[BlackElo "1811"]
[PlyCount "46"]
[EventDate "2018.07.23"]

1. d4 d5 2. c4 c6 3. Nf3 Nf6 4. Nc3 Bf5 5. cxd5 cxd5 6. Bf4 e6 7. Qb3 Qb6 8.
Qxb6 axb6 9. e3 Bb4 10. Bb5+ Nbd7 11. O-O O-O 12. Rfc1 Rfc8 13. Ne5 Nxe5 14.
Bxe5 Bxc3 15. bxc3 Ra3 16. c4 Rca8 17. Bc7 Rxa2 18. Rxa2 Rxa2 19. Bxb6 Bd3 20.
f3 h6 21. Bc7 dxc4 22. Bxc4 Bxc4 23. Rxc4 Nd5 1/2-1/2

[Event "vk18"]
[Site "Vinkovci"]
[Date "2018.07.24"]
[Round "2.7"]
[White "Zivkovic, Mihael"]
[Black "Sos, Fran"]
[Result "0-1"]
[WhiteElo "1180"]
[BlackElo "2009"]
[PlyCount "48"]
[EventDate "2018.07.23"]

1. e4 e5 2. Nf3 Nf6 3. Nc3 Nc6 4. Bc4 Nxe4 5. Nxe4 d5 6. Bxd5 Qxd5 7. d3 Bg4 8.
h3 Bh5 9. O-O Be7 10. c4 Qd8 11. Ng3 Bg6 12. Be3 Bxd3 13. Qb3 Bxf1 14. Kxf1 Qc8
15. Qa4 O-O 16. Qc2 f5 17. Bd2 Qe6 18. Rd1 Rad8 19. Bc3 Qxc4+ 20. Kg1 Rxd1+ 21.
Qxd1 f4 22. Ne2 Rd8 23. Qe1 Qd5 24. Kh2 Bf6 0-1

[Event "vk18"]
[Site "Vinkovci"]
[Date "2018.07.24"]
[Round "2.8"]
[White "Mazuran, Gabrijel"]
[Black "Jurakic, Lukas"]
[Result "0-1"]
[WhiteElo "1887"]
[BlackElo "1755"]
[PlyCount "73"]
[EventDate "2018.07.23"]

1. d4 Nf6 2. c4 g6 3. Nc3 Bg7 4. e4 d6 5. h3 O-O 6. Be3 c5 7. d5 e6 8. Bd3 exd5
9. exd5 Re8 10. Nf3 Nbd7 11. O-O Ne5 12. Nxe5 Rxe5 13. Bf4 Nh5 14. Bxe5 Bxe5
15. Qf3 Qh4 16. Ne2 Nf6 17. Ng3 Bd7 18. Rfe1 Re8 19. Ne4 Nh5 20. Bf1 f5 21. Nc3
Nf4 22. Ne2 g5 23. Nxf4 gxf4 24. Rab1 Re7 25. b4 cxb4 26. Rxb4 b6 27. Rb3 Be8
28. Qd3 Qf6 29. Qd2 Bh5 30. Be2 Bxe2 31. Rxe2 Rg7 32. Qd3 Rg5 33. Ra3 Qg7 34.
Qf3 Kf8 35. Rb3 Bd4 36. Re6 Rg3 37. Rb1 0-1

[Event "vk18"]
[Site "Vinkovci"]
[Date "2018.07.24"]
[Round "2.1"]
[White "Golub, Nikolina"]
[Black "Maroslavac, Ivana"]
[Result "1-0"]
[WhiteElo "1917"]
[BlackElo "1791"]
[PlyCount "77"]
[EventDate "2018.07.23"]

1. d4 Nf6 2. Nf3 e6 3. Bf4 Nc6 4. Nbd2 b6 5. e4 Bb7 6. c3 Be7 7. Bd3 O-O 8. O-O
d5 9. e5 Nd7 10. a4 Ncb8 11. b4 c5 12. bxc5 bxc5 13. Bxh7+ Kh8 14. Bb1 g6 15.
Re1 Kg7 16. Nb3 Nc6 17. Qd2 Rh8 18. Bc2 cxd4 19. Nfxd4 a6 20. Nxc6 Bxc6 21. Nd4
Rc8 22. Bd3 Nc5 23. Nxc6 Rxc6 24. Bc2 Nb7 25. Be3 Na5 26. Bd4 Nc4 27. Qe2 Qc7
28. Bd3 Rb8 29. Reb1 Rxb1+ 30. Rxb1 Na3 31. Rb3 Nc4 32. g3 Qd7 33. Qd1 Rc8 34.
Rb1 Na3 35. Bxa6 Nxb1 36. Bxc8 Qxc8 37. Qxb1 Qc7 38. Qb6 Bd8 39. a5 1-0

[Event "vk18"]
[Site "Vinkovci"]
[Date "2018.07.24"]
[Round "2.2"]
[White "Dasic, Jelena"]
[Black "Smetisko, Marija"]
[Result "0-1"]
[WhiteElo "1741"]
[BlackElo "1852"]
[PlyCount "62"]
[EventDate "2018.07.23"]

1. d4 Nf6 2. Nf3 g6 3. c4 Bg7 4. Nc3 d5 5. cxd5 Nxd5 6. e4 Nxc3 7. bxc3 c5 8.
Bc4 O-O 9. O-O Bg4 10. Be3 Nc6 11. Rb1 Qc7 12. Qc1 Bxf3 13. gxf3 cxd4 14. cxd4
Rac8 15. Rd1 Qd7 16. Bb5 Qh3 17. Bxc6 Rxc6 18. Qa3 Qxf3 19. e5 Bh6 20. Re1 Rfc8
21. Rb3 Rc2 22. Rf1 Qg4+ 23. Kh1 Bxe3 24. Rxe3 Qxd4 25. Qxe7 Qd5+ 26. Kg1 Rxa2
27. e6 fxe6 28. Rxe6 Ra5 29. h4 Rac5 30. Rfe1 Rc4 31. f3 Qc5+ 0-1

[Event "vk18"]
[Site "Vinkovci"]
[Date "2018.07.24"]
[Round "2.3"]
[White "Dejanovic, Tereza"]
[Black "Jugovic, Petra"]
[Result "1-0"]
[WhiteElo "1818"]
[BlackElo "1370"]
[PlyCount "89"]
[EventDate "2018.07.23"]

1. e4 c6 2. d4 d5 3. exd5 cxd5 4. Bd3 Nc6 5. c3 Nf6 6. Bf4 Bg4 7. Qb3 Qd7 8. h3
Bh5 9. Nd2 e6 10. Be5 Be7 11. Ngf3 Bxf3 12. Nxf3 O-O 13. Qc2 g6 14. h4 Ne4 15.
Bxe4 dxe4 16. Qxe4 Nxe5 17. Nxe5 Qd5 18. Qxd5 exd5 19. O-O-O Bd6 20. Nd3 Rfe8
21. Rhe1 Re6 22. Rxe6 fxe6 23. Re1 Re8 24. Nc5 Bxc5 25. dxc5 Kf7 26. b4 Rc8 27.
Kd2 Rc6 28. Kd3 b6 29. cxb6 axb6 30. a4 Rc7 31. f4 Kf6 32. g3 Rc4 33. Ra1 Ke7
34. a5 bxa5 35. bxa5 Rc7 36. a6 Ra7 37. Kd4 Kd6 38. g4 Ra8 39. a7 Kd7 40. Ke5
Ke7 41. Ra6 Kf7 42. Kd6 Rd8+ 43. Kc7 Ra8 44. Kb7 Rd8 45. a8=Q 1-0

[Event "vk18"]
[Site "Vinkovci"]
[Date "2018.07.24"]
[Round "3.1"]
[White "Radenic, Filip"]
[Black "Zadravec, Matija"]
[Result "1-0"]
[WhiteElo "2166"]
[BlackElo "2191"]
[PlyCount "63"]
[EventDate "2018.07.23"]

1. c4 c5 2. Nc3 Nc6 3. g3 g6 4. Bg2 Bg7 5. Nf3 e6 6. d3 Nge7 7. h4 h5 8. O-O d5
9. Bg5 O-O 10. Qc1 b6 11. cxd5 Bxc3 12. dxc6 Bg7 13. Nd2 Rb8 14. Ne4 Qc7 15.
Nf6+ Kh8 16. Bh6 Ng8 17. Nxg8 Kxg8 18. Bxg7 Kxg7 19. Qc3+ f6 20. d4 cxd4 21.
Qxd4 e5 22. Qc3 Bg4 23. Rfd1 Rfd8 24. Qc2 Bf5 25. Qc3 Bg4 26. Qe1 Be6 27. Rxd8
Rxd8 28. Rd1 Bxa2 29. Rxd8 Qxd8 30. Qa1 Bd5 31. Qxa7+ Kh6 32. Qd7 1-0

[Event "vk18"]
[Site "Vinkovci"]
[Date "2018.07.24"]
[Round "3.2"]
[White "Djukin, Marko"]
[Black "Makovec, Bruno"]
[Result "0-1"]
[WhiteElo "1969"]
[BlackElo "2293"]
[PlyCount "100"]
[EventDate "2018.07.23"]

1. e4 e5 2. Nf3 Nc6 3. Bb5 a6 4. Ba4 Nf6 5. O-O Be7 6. Re1 b5 7. Bb3 d6 8. c3
O-O 9. d3 Na5 10. Bc2 c5 11. Nbd2 Nc6 12. a4 Rb8 13. axb5 axb5 14. Nf1 h6 15.
Ne3 d5 16. exd5 Nxd5 17. Nxd5 Qxd5 18. d4 cxd4 19. Be4 Qd6 20. Bxc6 Qxc6 21.
Nxe5 Qd5 22. Qxd4 Qxd4 23. cxd4 Bf6 24. Bf4 Rb6 25. Ra8 Be6 26. Rea1 Rxa8 27.
Rxa8+ Kh7 28. h3 g5 29. Bg3 h5 30. h4 gxh4 31. Bf4 Bd5 32. Ra7 Rb7 33. Ra6 Kg7
34. Rd6 Be6 35. d5 Be7 36. Ra6 Bxd5 37. Rh6 Ra7 38. Rxh5 Ra1+ 39. Kh2 Rb1 40.
Ng6 Kxg6 41. Rxd5 Rxb2 42. f3 b4 43. Rd7 Bf6 44. Be3 Be5+ 45. f4 Bc3 46. Rb7 b3
47. Kh3 Rb1 48. Bc5 b2 49. Ba3 Rh1+ 50. Kg4 f5+ 0-1

[Event "vk18"]
[Site "Vinkovci"]
[Date "2018.07.24"]
[Round "3.3"]
[White "Starcevic, Ante Leon"]
[Black "Kanizaj, Benjamin"]
[Result "1-0"]
[WhiteElo "2177"]
[BlackElo "1881"]
[PlyCount "63"]
[EventDate "2018.07.23"]

1. d4 d5 2. c4 c6 3. Nf3 Nf6 4. e3 e6 5. b3 Nbd7 6. Bb2 Bd6 7. Bd3 O-O 8. O-O
b6 9. Ne5 c5 10. Qf3 cxd4 11. exd4 Bb7 12. Qh3 dxc4 13. bxc4 Be4 14. Nd2 Bxd3
15. Nxd3 Re8 16. f4 Qc7 17. Qf3 Rad8 18. Rfc1 Nb8 19. Ne5 Bb4 20. Nb3 Nfd7 21.
c5 Nxe5 22. fxe5 bxc5 23. a3 Ba5 24. Rxc5 Qb6 25. Rb1 Rd5 26. Rxd5 exd5 27.
Qxd5 Nc6 28. Rc1 Nxe5 29. Nxa5 Qxb2 30. Rf1 Qd2 31. Nc4 Nf3+ 32. gxf3 1-0

[Event "vk18"]
[Site "Vinkovci"]
[Date "2018.07.24"]
[Round "3.4"]
[White "Toplak, Juraj"]
[Black "Tica, Sven"]
[Result "1-0"]
[WhiteElo "2017"]
[BlackElo "2443"]
[PlyCount "63"]
[EventDate "2018.07.23"]

1. e4 g6 2. d4 Bg7 3. Nc3 a6 4. a4 d6 5. Bc4 e6 6. Nge2 Nc6 7. O-O Nf6 8. Bb3
O-O 9. Ng3 h6 10. f4 Ne7 11. Nce2 Bd7 12. c3 b5 13. Bc2 d5 14. f5 dxe4 15. fxg6
Bc6 16. gxf7+ Rxf7 17. Nf4 Qd6 18. Nfh5 Nxh5 19. Qxh5 Rxf1+ 20. Kxf1 Rf8+ 21.
Kg1 e5 22. Qg4 exd4 23. Nxe4 Bxe4 24. Qxe4 Nf5 25. axb5 dxc3 26. bxc3 axb5 27.
Ba3 Qb6+ 28. Kh1 Rf6 29. Qd5+ Qe6 30. Qxe6+ Rxe6 31. Bb3 Kf7 32. Re1 1-0

[Event "vk18"]
[Site "Vinkovci"]
[Date "2018.07.24"]
[Round "3.5"]
[White "Safar, Sandro"]
[Black "Erenda, Bruno"]
[Result "1-0"]
[WhiteElo "2257"]
[BlackElo "1966"]
[PlyCount "51"]
[EventDate "2018.07.23"]

1. d4 d5 2. Bf4 Nf6 3. e3 g6 4. Nc3 Bg7 5. Nf3 O-O 6. h4 b6 7. Ne5 Bb7 8. Bd3
Nbd7 9. Qf3 Nxe5 10. Bxe5 Qd7 11. O-O-O Qg4 12. Bxc7 Qd7 13. Be5 a6 14. h5 Nxh5
15. Bxg7 Kxg7 16. g4 Nf6 17. g5 Ne8 18. Rh6 Rh8 19. Rdh1 Qe6 20. Qg3 f5 21. Qh2
Qg8 22. Qe5+ Kf7 23. Bxf5 gxf5 24. g6+ Kf8 25. Rxh7 Qxg6 26. Qxe7+ 1-0

[Event "vk18"]
[Site "Vinkovci"]
[Date "2018.07.24"]
[Round "3.6"]
[White "Trepsic, Zvonimir"]
[Black "Saravanja, Matija"]
[Result "0-1"]
[WhiteElo "1734"]
[BlackElo "1936"]
[PlyCount "226"]
[EventDate "2018.07.23"]

1. e4 c5 2. Nf3 d6 3. d4 cxd4 4. Nxd4 Nf6 5. Nc3 g6 6. Be3 Bg7 7. f3 O-O 8. Qd2
Nc6 9. O-O-O d5 10. Nxc6 bxc6 11. exd5 Nxd5 12. Nxd5 cxd5 13. Qxd5 Qc7 14. Qc4
Qe5 15. Qd4 Qb8 16. Qa4 Qxb2+ 17. Kd2 Qc3+ 18. Ke2 Bf5 19. Qb3 Bxc2 20. Qxc3
Bxd1+ 21. Kxd1 Bxc3 22. Bd3 Rfd8 23. Ke2 Rab8 24. Rc1 Rb2+ 25. Rc2 Rxc2+ 26.
Bxc2 Bd4 27. Bf4 e5 28. Bg5 Rc8 29. Bb3 Kg7 30. g4 h6 31. Bd2 f5 32. Be6 Rc2
33. Kd3 Rb2 34. Bb3 Rb1 35. gxf5 gxf5 36. f4 Rh1 37. fxe5 Bxe5 38. Be3 a6 39.
Bc4 Rxh2 40. Bd2 f4 41. Bxa6 Bb8 42. a4 f3 43. Bc3+ Kg6 44. Ke3 Ra2 45. Bd3+
Kh5 46. Bb5 f2 47. Be2+ Kg5 48. Kxf2 Ba7+ 49. Ke1 Rxa4 50. Bd2+ Kg6 51. Bd3+
Kg7 52. Bc2 Ra1+ 53. Ke2 Rg1 54. Bc3+ Kf7 55. Bb3+ Kg6 56. Bc2+ Kg5 57. Bd2+
Kh5 58. Be4 Bd4 59. Bf3+ Kg6 60. Be4+ Kg7 61. Bf3 Ra1 62. Kd3 Bf6 63. Ke2 Ra2
64. Kd3 Ra3+ 65. Ke2 Bc3 66. Be3 Be5 67. Bd2 Ra4 68. Bc6 Rh4 69. Bf3 Kg6 70.
Be1 Ra4 71. Bc6 Ra2+ 72. Kf1 Kg5 73. Bd5 Rh2 74. Bg2 Kg4 75. Bf2 Bg3 76. Kg1
Rh5 77. Bd4 Rb5 78. Bf1 Rb1 79. Kg2 Re1 80. Bc3 Re8 81. Bb5 Re7 82. Bb4 Rb7 83.
Be2+ Kh4 84. Bc5 Bf4 85. Bf2+ Kg5 86. Bf3 Rb2 87. Kf1 h5 88. Bc5 Rd2 89. Be7+
Kg6 90. Bb4 Ra2 91. Be7 Bg3 92. Be4+ Kh6 93. Bf8+ Kg5 94. Be7+ Kg4 95. Bd5 Rf2+
96. Kg1 Re2 97. Bb4 h4 98. Bb3 Kh3 99. Ba4 Rg2+ 100. Kh1 Rh2+ 101. Kg1 Kg4 102.
Bd7+ Kf3 103. Bc6+ Ke2 104. Bb5+ Kd1 105. Ba4+ Kc1 106. Be1 Ra2 107. Bb3 Rb2
108. Bxg3 hxg3 109. Be6 Rf2 110. Bh3 Kd2 111. Bf1 Ke3 112. Bh3 Kf3 113. Bf1 Rd2
0-1

[Event "vk18"]
[Site "Vinkovci"]
[Date "2018.07.24"]
[Round "3.7"]
[White "Muha, Miljenko"]
[Black "Petrovic, David"]
[Result "1-0"]
[WhiteElo "2362"]
[BlackElo "1657"]
[PlyCount "79"]
[EventDate "2018.07.23"]

1. d4 d5 2. c4 c6 3. Nf3 g6 4. cxd5 cxd5 5. Nc3 Nf6 6. Bf4 Bg7 7. e3 O-O 8. Bd3
Nc6 9. O-O Bg4 10. h3 Bxf3 11. Qxf3 Re8 12. Qd1 e5 13. dxe5 Nxe5 14. Be2 Nc6
15. Bf3 Ne4 16. Nxd5 Qa5 17. Bc7 b6 18. Rc1 Nb4 19. Nxb4 Qxb4 20. b3 Nc3 21.
Qd7 Re7 22. Qd6 Qxd6 23. Bxd6 Rd7 24. Rc2 Rad8 25. Bb4 Nd5 26. Ba3 b5 27. Bc5
a5 28. Bxd5 Rxd5 29. Bb6 Rd2 30. Rfc1 Rd1+ 31. Rxd1 Rxd1+ 32. Kh2 Be5+ 33. f4
Bd6 34. Bxa5 g5 35. Bc7 gxf4 36. Bxd6 Rxd6 37. exf4 Rd4 38. Rc5 Rxf4 39. Rxb5
Rf2 40. a4 1-0

[Event "vk18"]
[Site "Vinkovci"]
[Date "2018.07.24"]
[Round "2.1"]
[White "Blazeka, Mihaela"]
[Black "Purkic, Ruza"]
[Result "1-0"]
[WhiteElo "2054"]
[BlackElo "1431"]
[PlyCount "69"]
[EventDate "2018.07.23"]

1. e4 g6 2. d4 Bg7 3. Bc4 c5 4. c3 cxd4 5. cxd4 d6 6. Nc3 Nc6 7. Nge2 Qb6 8.
Nd5 Qd8 9. O-O e6 10. Ndc3 Nf6 11. Bb3 O-O 12. h3 a6 13. Be3 Na5 14. Bc2 Nc4
15. Bc1 b5 16. Qd3 d5 17. e5 Nd7 18. f4 f6 19. b3 Na5 20. Ba3 Rf7 21. Nxd5 fxe5
22. dxe5 exd5 23. e6 Qb6+ 24. Kh2 Qxe6 25. Rae1 Nf6 26. Ng3 Qb6 27. f5 g5 28.
Bb2 Bb7 29. Re6 Qd8 30. Rfe1 Bc8 31. Bxf6 Qd7 32. Bxg7 Rxg7 33. Re8+ Kf7 34.
Qxd5+ Qxd5 35. R1e7+ 1-0

[Event "vk18"]
[Site "Vinkovci"]
[Date "2018.07.24"]
[Round "2.2"]
[White "Spiranec, Noemi"]
[Black "Vukajlovic, Zorana"]
[Result "1-0"]
[WhiteElo "2009"]
[BlackElo "1830"]
[PlyCount "47"]
[EventDate "2018.07.23"]

1. d4 d5 2. c4 e6 3. Nf3 Nf6 4. g3 b6 5. Bg2 Bb7 6. O-O Be7 7. Nc3 O-O 8. Qc2
dxc4 9. e4 c5 10. Rd1 Qc8 11. d5 exd5 12. e5 Nfd7 13. Nxd5 Re8 14. Bg5 Nc6 15.
Bxe7 Nxe7 16. Ng5 Ng6 17. f4 h6 18. Ne4 Qd8 19. Nd6 Rf8 20. Nxb7 Qc8 21. Nd6
Qd8 22. Nxf7 Rxf7 23. Qxg6 Rf8 24. Be4 1-0

[Event "vk18"]
[Site "Vinkovci"]
[Date "2018.07.24"]
[Round "3.1"]
[White "Novosel, Marko"]
[Black "Ghersinich, Enrico"]
[Result "1-0"]
[WhiteElo "2033"]
[BlackElo "2180"]
[PlyCount "71"]
[EventDate "2018.07.23"]

1. e4 c5 2. Nf3 d6 3. d4 cxd4 4. Nxd4 Nf6 5. Nc3 g6 6. Be3 Bg7 7. f3 O-O 8. Bc4
Nc6 9. Bb3 Bd7 10. Qd2 Rc8 11. O-O a6 12. Kh1 Na5 13. Bh6 Bxh6 14. Qxh6 Nc4 15.
Bxc4 Rxc4 16. Nde2 Qb6 17. Rab1 Rfc8 18. Nf4 Bc6 19. g4 Nxg4 20. Qh3 f5 21.
fxg4 fxe4 22. Nfd5 Qd8 23. Ne3 Rd4 24. Rf2 d5 25. Rbf1 Rb4 26. Rf7 h5 27. gxh5
Bd7 28. Qg3 Rb6 29. hxg6 e5 30. Qxe5 Rxg6 31. Ncxd5 Bf5 32. Ne7+ Kxf7 33. Rxf5+
Ke8 34. Nxg6+ Kd7 35. Qd5+ Kc7 36. Rf7+ 1-0

[Event "vk18"]
[Site "Vinkovci"]
[Date "2018.07.24"]
[Round "3.2"]
[White "Kukas, Oliver"]
[Black "Dabic, Stjepan"]
[Result "1/2-1/2"]
[WhiteElo "2159"]
[BlackElo "2040"]
[PlyCount "43"]
[EventDate "2018.07.23"]

1. d4 Nf6 2. Bf4 g6 3. Nc3 Bg7 4. e4 d6 5. Nf3 O-O 6. Qd2 c5 7. d5 a6 8. a4 Bg4
9. Be2 Nbd7 10. h3 Bxf3 11. Bxf3 Rb8 12. g4 b5 13. axb5 axb5 14. h4 Nb6 15. h5
Nc4 16. Qc1 b4 17. Nd1 Qd7 18. hxg6 fxg6 19. Be2 Nb6 20. Bh6 Rf7 21. Bxg7 Rxg7
22. f3 1/2-1/2

[Event "vk18"]
[Site "Vinkovci"]
[Date "2018.07.24"]
[Round "3.3"]
[White "Cotic, Borna"]
[Black "Sos, Fran"]
[Result "0-1"]
[WhiteElo "2047"]
[BlackElo "2009"]
[PlyCount "118"]
[EventDate "2018.07.23"]

1. e4 e5 2. Nf3 Nf6 3. Nc3 Nc6 4. d4 exd4 5. Nxd4 Bc5 6. Be3 Bb6 7. Qd2 Ng4 8.
Nxc6 Bxe3 9. Nxd8 Bxd2+ 10. Kxd2 Kxd8 11. f3 Ne5 12. f4 Nc6 13. e5 Rf8 14. Ne4
f6 15. exf6 gxf6 16. Bd3 Nb4 17. Rae1 Nxd3 18. Kxd3 d6 19. Nf2 f5 20. Re3 Bd7
21. Rhe1 Re8 22. Rxe8+ Bxe8 23. h3 Bg6 24. Kd2 Kd7 25. g4 Rf8 26. g5 h5 27. Nd3
a5 28. Re3 b5 29. Ne1 Re8 30. Rxe8 Bxe8 31. Nf3 c5 32. a3 b4 33. axb4 axb4 34.
c3 bxc3+ 35. bxc3 Ke6 36. Ke3 Bc6 37. Nd2 Bg2 38. h4 Bc6 39. Nf3 Be4 40. Nd2
Bc6 41. Nf1 Be8 42. Kd3 Bb5+ 43. c4 Be8 44. Ne3 Bc6 45. Kc3 Be4 46. Kb3 Bc6 47.
Ka3 Be8 48. Nd5 Bf7 49. Ka4 Be8+ 50. Ka5 Bc6 51. Nf6 Bf3 52. Kb5 Bg4 53. Nd5
Bf3 54. Ne3 Be2 55. Kc6 Bf3+ 56. Kc7 Be4 57. Kd8 Bc6 58. Nd5 Bxd5 59. cxd5+ Kf7
0-1

[Event "vk18"]
[Site "Vinkovci"]
[Date "2018.07.24"]
[Round "3.4"]
[White "Jurakic, Lukas"]
[Black "Duda, Daniel"]
[Result "0-1"]
[WhiteElo "1755"]
[BlackElo "2019"]
[PlyCount "90"]
[EventDate "2018.07.23"]

1. e4 c5 2. Nf3 g6 3. d4 cxd4 4. Nxd4 Nc6 5. c4 Bg7 6. Be3 Nf6 7. Nc3 Ng4 8.
Qxg4 Nxd4 9. Qd1 e5 10. Nb5 d6 11. Nxd4 exd4 12. Bxd4 Qa5+ 13. Ke2 Be5 14. Ke3
Be6 15. f4 O-O-O 16. Be2 Rhe8 17. b4 Qxb4 18. a3 Qa5 19. Qd3 f5 20. Bf3 Bxd4+
21. Qxd4 fxe4 22. Be2 Qc5 23. Rhb1 b6 24. a4 Qxd4+ 25. Kxd4 d5 26. c5 bxc5+ 27.
Kxc5 Kc7 28. Bb5 Bd7 29. Rc1 Bxb5 30. axb5 Kb7 31. Rd1 e3 32. Rxd5 Rxd5+ 33.
Kxd5 e2 34. Re1 Kb6 35. g4 Rd8+ 36. Ke4 Kxb5 37. f5 Kc4 38. Rxe2 Re8+ 39. Kf3
Rxe2 40. Kxe2 gxf5 41. gxf5 Kd5 42. Kd3 Ke5 43. Kc4 Kxf5 44. Kb5 Kg4 45. Ka6 h5
0-1

[Event "vk18"]
[Site "Vinkovci"]
[Date "2018.07.24"]
[Round "3.5"]
[White "Borzan, Andrej"]
[Black "Karlusic, Luka"]
[Result "1/2-1/2"]
[WhiteElo "1811"]
[BlackElo "1836"]
[PlyCount "37"]
[EventDate "2018.07.23"]

1. d4 d5 2. c4 dxc4 3. Nc3 c5 4. e3 Nf6 5. Bxc4 e6 6. Nf3 Nc6 7. O-O a6 8. dxc5
Bxc5 9. Qxd8+ Kxd8 10. Rd1+ Ke7 11. a3 b5 12. Ba2 Bb7 13. b4 Ba7 14. Bb2 Rhd8
15. Ne2 Rac8 16. Bb3 Bb6 17. Ned4 Nxd4 18. Nxd4 Bd5 19. Bxd5 1/2-1/2

[Event "vk18"]
[Site "Vinkovci"]
[Date "2018.07.24"]
[Round "3.6"]
[White "Purini, Bruno"]
[Black "Mazuran, Gabrijel"]
[Result "1-0"]
[WhiteElo "1465"]
[BlackElo "1887"]
[PlyCount "103"]
[EventDate "2018.07.23"]

1. e4 c5 2. Nf3 d6 3. Bb5+ Bd7 4. Bxd7+ Qxd7 5. O-O Nc6 6. c3 Nf6 7. Re1 g6 8.
d4 cxd4 9. cxd4 Bg7 10. Nc3 O-O 11. Bf4 Nh5 12. Be3 e5 13. dxe5 Nxe5 14. Nxe5
Bxe5 15. Bd4 Qe6 16. Bxe5 dxe5 17. Qd5 Nf4 18. Qxe6 Nxe6 19. Nd5 Kg7 20. Rac1
Rac8 21. g3 Nd4 22. Kg2 Rc6 23. Rc3 Rfc8 24. f4 Rxc3 25. bxc3 Nc6 26. Kf3 b6
27. h4 f6 28. Rd1 Kf7 29. Ne3 Rc7 30. f5 Ne7 31. Rd3 gxf5 32. exf5 Nc6 33. g4
e4+ 34. Kxe4 Ne5 35. Rd4 Rxc3 36. g5 Rc7 37. Rd6 Nd7 38. Nd5 Rc4+ 39. Ke3 Nc5
40. Rxf6+ Kg7 41. h5 Re4+ 42. Kf3 Re5 43. h6+ Kg8 44. Ne3 Ne4 45. Kf4 Nxf6 46.
Kxe5 Nd7+ 47. Ke6 Nc5+ 48. Ke7 Ne4 49. g6 Ng5 50. Nd5 hxg6 51. Nf6+ Kh8 52.
fxg6 1-0

[Event "vk18"]
[Site "Vinkovci"]
[Date "2018.07.24"]
[Round "3.7"]
[White "Levacic, Matej"]
[Black "Alfirevic, Duje"]
[Result "0-1"]
[WhiteElo "1855"]
[BlackElo "1643"]
[PlyCount "80"]
[EventDate "2018.07.23"]

1. d4 d5 2. Bf4 Nf6 3. e3 e6 4. Nd2 c5 5. c3 Nc6 6. Ngf3 Be7 7. Bd3 O-O 8. Ne5
Qb6 9. Rb1 cxd4 10. exd4 Rd8 11. Qf3 Nxe5 12. dxe5 Nd7 13. O-O Nf8 14. c4 Bd7
15. b4 dxc4 16. Nxc4 Qd4 17. Rfd1 Bc6 18. Qg3 Ng6 19. Be3 Qc3 20. Bc5 Bxc5 21.
bxc5 Qd4 22. Qe3 Qxe3 23. fxe3 Nf8 24. Na5 Nd7 25. Nxc6 bxc6 26. Be4 Nxe5 27.
Rxd8+ Rxd8 28. Rb7 Rd1+ 29. Kf2 f5 30. Ke2 Rc1 31. Bd3 a5 32. Re7 Rxc5 33. Rxe6
Nxd3 34. Kxd3 Kf7 35. Rd6 Rd5+ 36. Rxd5 cxd5 37. Kd4 Ke6 38. Kc5 Ke5 39. a4 f4
40. exf4+ Ke4 0-1

[Event "vk18"]
[Site "Vinkovci"]
[Date "2018.07.24"]
[Round "3.8"]
[White "Jakrlin, Mihael"]
[Black "Djukin, Karlo"]
[Result "1-0"]
[WhiteElo "1827"]
[BlackElo "1578"]
[PlyCount "59"]
[EventDate "2018.07.23"]

1. d4 d5 2. Nf3 e6 3. c4 c6 4. g3 Nf6 5. Bg2 Be7 6. O-O O-O 7. Nbd2 Nbd7 8. Qc2
a5 9. Rd1 Qc7 10. e4 Nb6 11. Ne5 g6 12. b3 Rd8 13. Bb2 a4 14. Rac1 a3 15. Ba1
dxe4 16. Nxe4 Ra5 17. Bc3 Ra8 18. Rd3 Nxe4 19. Bxe4 f5 20. Bg2 Bf6 21. f4 Nd7
22. Nf3 h6 23. Re1 Nf8 24. Ne5 Nd7 25. Nxg6 Kf7 26. Ne5+ Kg7 27. d5 Nxe5 28.
fxe5 Be7 29. d6 Bxd6 30. exd6+ 1-0

[Event "vk18"]
[Site "Vinkovci"]
[Date "2018.07.24"]
[Round "3.1"]
[White "Koksa, Jelena"]
[Black "Golub, Nikolina"]
[Result "0-1"]
[WhiteElo "1707"]
[BlackElo "1917"]
[PlyCount "116"]
[EventDate "2018.07.23"]

1. e4 c5 2. Nf3 d6 3. d4 cxd4 4. Nxd4 Nf6 5. Nc3 a6 6. f3 e6 7. Be3 b5 8. Qd2
Nbd7 9. O-O-O Bb7 10. g4 Nb6 11. g5 Nfd7 12. f4 b4 13. Nb1 Bxe4 14. Rg1 a5 15.
Bd3 Bxd3 16. Qxd3 d5 17. Rde1 Nc4 18. f5 Nc5 19. Qd1 e5 20. Nc6 Qd7 21. Nxe5
Nxe5 22. Bxc5 Bxc5 23. Rxe5+ Kf8 24. Rge1 Rd8 25. Qd3 Bd6 26. R5e2 Bf4+ 27. Nd2
Bxg5 28. Kb1 h5 29. Rd1 Qc7 30. Nf3 Bf6 31. Qb5 Qc4 32. Qxc4 dxc4 33. Rxd8+
Bxd8 34. Re4 Rh6 35. Rxc4 Rf6 36. Nd4 Bb6 37. c3 bxc3 38. bxc3 Bxd4 39. Rxd4
Rxf5 40. c4 Ke7 41. Kb2 g5 42. Kc3 Re5 43. Kd3 f5 44. h4 g4 45. Rf4 Kd6 46. a3
Kc5 47. Rf1 g3 48. Rb1 f4 49. Rb5+ Kd6 50. Rb6+ Kc5 51. Rb5+ Kd6 52. Rb6+ Kc7
53. Rg6 Re1 54. Kd2 Re3 55. Rg5 Rxa3 56. Ke2 f3+ 57. Ke1 Ra1+ 58. Kd2 g2 0-1

[Event "vk18"]
[Site "Vinkovci"]
[Date "2018.07.24"]
[Round "3.2"]
[White "Smetisko, Marija"]
[Black "Dejanovic, Tereza"]
[Result "1-0"]
[WhiteElo "1852"]
[BlackElo "1818"]
[PlyCount "137"]
[EventDate "2018.07.23"]

1. e4 c5 2. Nf3 d6 3. d4 cxd4 4. Nxd4 Nf6 5. Nc3 a6 6. Be2 e6 7. O-O Be7 8. Be3
O-O 9. Qd2 Qc7 10. f4 b5 11. a3 Bb7 12. Bf3 Nbd7 13. Nde2 Nb6 14. Bxb6 Qxb6+
15. Kh1 Rfd8 16. Ng3 Rac8 17. Qe2 Qc7 18. f5 e5 19. Rad1 Qc5 20. Nh5 Nxh5 21.
Bxh5 f6 22. Rf3 Bc6 23. Rg3 Bf8 24. Bg6 Be8 25. Qh5 Bxg6 26. Rxg6 Kh8 27. Rg3
Qc6 28. Rdd3 Qe8 29. Rg6 Rc5 30. Rh3 h6 31. Rhg3 Rdc8 32. Qg4 Qf7 33. Qh5 Qe8
34. Nd5 Rxd5 35. exd5 Qd7 36. c3 Rc4 37. R6g4 Rc5 38. Rd3 Qe7 39. Re4 Qd7 40.
h3 Rc8 41. Qg4 Qc7 42. Qg6 Qd7 43. Rg3 Qe8 44. Qxe8 Rxe8 45. c4 Rc8 46. Rc3 Rc5
47. cxb5 axb5 48. Rd3 Kg8 49. Kg1 Be7 50. Rb4 Bd8 51. Kf1 Ba5 52. Re4 Rc1+ 53.
Kf2 Bb6+ 54. Kg3 Bd4 55. Rb3 Rc5 56. Kg4 Rxd5 57. Kh5 Rc5 58. a4 Rc8 59. Rxb5
Rd8 60. Rb7 Kh7 61. a5 Bf2 62. Rg4 Rg8 63. a6 d5 64. a7 e4 65. Rgxg7+ Rxg7 66.
a8=Q e3 67. Rxg7+ Kxg7 68. Qb7+ Kf8 69. Kg6 1-0

[Event "vk18"]
[Site "Vinkovci"]
[Date "2018.07.24"]
[Round "3.3"]
[White "Maroslavac, Ivana"]
[Black "Zuteg, Dorotea"]
[Result "0-1"]
[WhiteElo "1791"]
[BlackElo "1471"]
[PlyCount "50"]
[EventDate "2018.07.23"]

1. e4 d6 2. d4 g6 3. Nf3 Bg7 4. Nc3 a6 5. a4 Nd7 6. Be3 Ngf6 7. h3 O-O 8. Qd2
c5 9. Be2 b6 10. Bh6 Bb7 11. Bxg7 Kxg7 12. Bd3 Qc7 13. d5 e6 14. Bc4 Rfe8 15.
O-O exd5 16. exd5 Ne5 17. Nxe5 Rxe5 18. Rfe1 Rae8 19. Rxe5 Rxe5 20. f4 Re8 21.
Rd1 Qd7 22. Qd3 Qc8 23. Nb1 Re4 24. g3 Qxh3 25. c3 Ng4 0-1